<?xml version="1.0" encoding="UTF-8"?><marc:collection xmlns:marc="http://www.loc.gov/MARC21/slim">
  <marc:record>
    <marc:leader>00000nam  2200000zi 4500</marc:leader>
    <marc:controlfield tag="001">9.891230</marc:controlfield>
    <marc:controlfield tag="003">CaOODSP</marc:controlfield>
    <marc:controlfield tag="005">20230818074116</marc:controlfield>
    <marc:controlfield tag="006">m     o  d f      </marc:controlfield>
    <marc:controlfield tag="007">cr cn|||||||||</marc:controlfield>
    <marc:controlfield tag="008">200904t20202020onca    ob   f100 0 eng d</marc:controlfield>
    <marc:datafield tag="020" ind1=" " ind2=" ">
      <marc:subfield code="a">9780660359564</marc:subfield>
    </marc:datafield>
    <marc:datafield tag="040" ind1=" " ind2=" ">
      <marc:subfield code="a">CaOODSP</marc:subfield>
      <marc:subfield code="b">eng</marc:subfield>
      <marc:subfield code="e">rda</marc:subfield>
      <marc:subfield code="c">CaOODSP</marc:subfield>
    </marc:datafield>
    <marc:datafield tag="041" ind1="0" ind2=" ">
      <marc:subfield code="a">eng</marc:subfield>
      <marc:subfield code="b">eng</marc:subfield>
      <marc:subfield code="b">fre</marc:subfield>
    </marc:datafield>
    <marc:datafield tag="043" ind1=" " ind2=" ">
      <marc:subfield code="a">n-cn-bc</marc:subfield>
      <marc:subfield code="a">n-us-wa</marc:subfield>
    </marc:datafield>
    <marc:datafield tag="086" ind1="1" ind2=" ">
      <marc:subfield code="a">Fs97-6/3403E-PDF</marc:subfield>
    </marc:datafield>
    <marc:datafield tag="100" ind1="1" ind2=" ">
      <marc:subfield code="a">Trzcinski, M. K. </marc:subfield>
      <marc:subfield code="q">(Mark Kurtis), </marc:subfield>
      <marc:subfield code="d">1969- </marc:subfield>
      <marc:subfield code="e">author.</marc:subfield>
    </marc:datafield>
    <marc:datafield tag="245" ind1="1" ind2="0">
      <marc:subfield code="a">Synthesizing scientific knowledge about population dynamics and diet preferences of harbour seals, Steller sea lions and California sea lions, and their impacts on salmon in the Salish Sea workshop 2 : </marc:subfield>
      <marc:subfield code="b">November 20-21, 2019, Bellingham, WA / </marc:subfield>
      <marc:subfield code="c">by M. Kurtis Trzcinski.</marc:subfield>
    </marc:datafield>
    <marc:datafield tag="264" ind1=" " ind2="1">
      <marc:subfield code="a">[Ottawa] : </marc:subfield>
      <marc:subfield code="b">Fisheries and Oceans Canada = Pêches et océans Canada, </marc:subfield>
      <marc:subfield code="c">2020.</marc:subfield>
    </marc:datafield>
    <marc:datafield tag="264" ind1=" " ind2="4">
      <marc:subfield code="c">©2020</marc:subfield>
    </marc:datafield>
    <marc:datafield tag="300" ind1=" " ind2=" ">
      <marc:subfield code="a">1 online resource (x, 50 pages) : </marc:subfield>
      <marc:subfield code="b">illustrations (some colour).</marc:subfield>
    </marc:datafield>
    <marc:datafield tag="336" ind1=" " ind2=" ">
      <marc:subfield code="a">text</marc:subfield>
      <marc:subfield code="b">txt</marc:subfield>
      <marc:subfield code="2">rdacontent</marc:subfield>
    </marc:datafield>
    <marc:datafield tag="337" ind1=" " ind2=" ">
      <marc:subfield code="a">computer</marc:subfield>
      <marc:subfield code="b">c</marc:subfield>
      <marc:subfield code="2">rdamedia</marc:subfield>
    </marc:datafield>
    <marc:datafield tag="338" ind1=" " ind2=" ">
      <marc:subfield code="a">online resource</marc:subfield>
      <marc:subfield code="b">cr</marc:subfield>
      <marc:subfield code="2">rdacarrier</marc:subfield>
    </marc:datafield>
    <marc:datafield tag="490" ind1="1" ind2=" ">
      <marc:subfield code="a">Canadian technical report of fisheries and aquatic sciences, </marc:subfield>
      <marc:subfield code="x">1488-5379 ; </marc:subfield>
      <marc:subfield code="v">3403</marc:subfield>
    </marc:datafield>
    <marc:datafield tag="504" ind1=" " ind2=" ">
      <marc:subfield code="a">Includes bibliographical references (pages 36-37).</marc:subfield>
    </marc:datafield>
    <marc:datafield tag="520" ind1="3" ind2=" ">
      <marc:subfield code="a">"In 2019, two bilateral Canada-U.S. workshops were held to outline the scientific knowledge about population dynamics and diet preferences of harbour seals, Steller sea lions and California sea lions, and their impacts on salmon in the Salish Sea. The 2nd was convened in Bellingham, Washington between 20-21 November. The 75 participants included representatives of First Nations, Tribes, stakeholders in the fishing industry and non-profit organizations, as well as scientists from local and federal regulatory agencies and universities. The workshop aimed to 1) provide concise summaries of the current state of scientific knowledge and uncertainties, 2) incorporate other relevant technical knowledge, outline management implications, and recommend possible next steps for science activities necessary to inform management considerations, and 3) asked participants to critique and provide feedback on four areas of action thought to possibly mitigate the impacts of pinnipeds on salmon: variation in hatchery production, enhanced fish survival, non-lethal removal of pinnipeds, and lethal removal of pinnipeds. There was wide variation among attendees on the interpretation of scientific results, the potential efficacy of proposed actions, the degree of risk of a given action, and the level of acceptable risk. This report summarizes the key points from the group discussions to provide focus for future science, management, and policy regarding the impacts of pinnipeds on salmon"--Abstract, page iv.</marc:subfield>
    </marc:datafield>
    <marc:datafield tag="546" ind1=" " ind2=" ">
      <marc:subfield code="a">Includes abstracts in English and French.</marc:subfield>
    </marc:datafield>
    <marc:datafield tag="650" ind1=" " ind2="0">
      <marc:subfield code="a">Seal populations</marc:subfield>
      <marc:subfield code="z">Salish Sea (B.C. and Wash.)</marc:subfield>
      <marc:subfield code="v">Congresses.</marc:subfield>
    </marc:datafield>
    <marc:datafield tag="650" ind1=" " ind2="0">
      <marc:subfield code="a">Seals (Animals)</marc:subfield>
      <marc:subfield code="x">Food</marc:subfield>
      <marc:subfield code="z">Salish Sea (B.C. and Wash.)</marc:subfield>
      <marc:subfield code="v">Congresses.</marc:subfield>
    </marc:datafield>
    <marc:datafield tag="650" ind1=" " ind2="0">
      <marc:subfield code="a">Pacific salmon</marc:subfield>
      <marc:subfield code="x">Predators of</marc:subfield>
      <marc:subfield code="z">Salish Sea (B.C. and Wash.)</marc:subfield>
      <marc:subfield code="v">Congresses.</marc:subfield>
    </marc:datafield>
    <marc:datafield tag="650" ind1=" " ind2="6">
      <marc:subfield code="a">Phoques</marc:subfield>
      <marc:subfield code="x">Populations</marc:subfield>
      <marc:subfield code="z">Salish, Mer des (C.-B. et Wash.)</marc:subfield>
      <marc:subfield code="v">Congrès.</marc:subfield>
    </marc:datafield>
    <marc:datafield tag="650" ind1=" " ind2="6">
      <marc:subfield code="a">Phoques</marc:subfield>
      <marc:subfield code="x">Alimentation</marc:subfield>
      <marc:subfield code="z">Salish, Mer des (C.-B. et Wash.)</marc:subfield>
      <marc:subfield code="v">Congrès.</marc:subfield>
    </marc:datafield>
    <marc:datafield tag="650" ind1=" " ind2="6">
      <marc:subfield code="a">Saumons du Pacifique</marc:subfield>
      <marc:subfield code="x">Prédateurs</marc:subfield>
      <marc:subfield code="z">Salish, Mer des (C.-B. et Wash.)</marc:subfield>
      <marc:subfield code="v">Congrès.</marc:subfield>
    </marc:datafield>
    <marc:datafield tag="655" ind1=" " ind2="7">
      <marc:subfield code="a">Conference papers and proceedings</marc:subfield>
      <marc:subfield code="2">lcgft</marc:subfield>
    </marc:datafield>
    <marc:datafield tag="655" ind1=" " ind2="7">
      <marc:subfield code="a">Actes de congrès</marc:subfield>
      <marc:subfield code="2">rvmgf</marc:subfield>
    </marc:datafield>
    <marc:datafield tag="710" ind1="1" ind2=" ">
      <marc:subfield code="a">Canada. </marc:subfield>
      <marc:subfield code="b">Department of Fisheries and Oceans, </marc:subfield>
      <marc:subfield code="e">issuing body.</marc:subfield>
    </marc:datafield>
    <marc:datafield tag="710" ind1="2" ind2=" ">
      <marc:subfield code="a">Pacific Biological Station (1972- ), </marc:subfield>
      <marc:subfield code="e">issuing body.</marc:subfield>
    </marc:datafield>
    <marc:datafield tag="830" ind1="#" ind2="0">
      <marc:subfield code="a">Canadian technical report of fisheries and aquatic sciences ;</marc:subfield>
      <marc:subfield code="v">3403.</marc:subfield>
      <marc:subfield code="w">(CaOODSP)9.504449</marc:subfield>
    </marc:datafield>
    <marc:datafield tag="856" ind1="4" ind2="0">
      <marc:subfield code="q">PDF</marc:subfield>
      <marc:subfield code="s">3.66 MB</marc:subfield>
      <marc:subfield code="u">https://publications.gc.ca/collections/collection_2020/mpo-dfo/Fs97-6-3403-eng.pdf</marc:subfield>
    </marc:datafield>
  </marc:record>
</marc:collection>
